¿Vaaamonos! : (Record no. 67010)

MARC details
000 -LEADER
fixed length control field 00579cam a2200181 a 4500
008 - FIXED-LENGTH DATA ELEMENTS--GENERAL INFORMATION
fixed length control field 040617s1979 mx 000 0 spa u
050 00 - LIBRARY OF CONGRESS CALL NUMBER
Classification number HD6534 .R12
Item number C43 1979
100 1# - MAIN ENTRY--PERSONAL NAME
Personal name Cedillo, Luciano
245 11 - TITLE STATEMENT
Title ¿Vaaamonos! :
Remainder of title luchas, anécdotas y problemas de los ferrocarrileros /
Statement of responsibility, etc Luciano Cedillo.
250 ## - EDITION STATEMENT
Edition statement 1a ed.
260 ## - PUBLICATION, DISTRIBUTION, ETC. (IMPRINT)
Place of publication, distribution, etc México :
Name of publisher, distributor, etc Cultura Popular,
Date of publication, distribution, etc 1979.
300 ## - PHYSICAL DESCRIPTION
Extent 146 p. :
Other physical details il. ;
Dimensions 17 cm.
440 #0 - SERIES STATEMENT/ADDED ENTRY--TITLE
Title Crónicas y testimonios
650 #4 - SUBJECT ADDED ENTRY--TOPICAL TERM
Topical term or geographic name as entry element Ferrocarriles
General subdivision Empleados
Geographic subdivision México
650 #4 - SUBJECT ADDED ENTRY--TOPICAL TERM
Topical term or geographic name as entry element Sindicatos
Geographic subdivision México
942 ## - ADDED ENTRY ELEMENTS (KOHA)
Source of classification or shelving scheme Biblioteca del Cogreso de los Estados Unidos
Koha item type Libro
Holdings
Estado de pérdida Fuente de clasificación Estado del daño No para préstamo Ubicación permanente Ubicación actual Apartado o colección Fecha de adquisición Edición Dependencia de educación superior (DES) Área del conocimiento Clasificación Código de Barras Date last seen Número de copia Tipo de recurso
  Biblioteca del Cogreso de los Estados Unidos     Biblioteca del Instituto de Investigaciones Históricas Biblioteca del Instituto de Investigaciones Históricas General 22/08/2018 1a ed. Humanidades Ciencias Sociales y Administrativas HD6534 .R12 C43 1979 IIH000025033 22/08/2018 C:1 Libro